| 000 | 00415nam a2200145Ia 4500 | ||
|---|---|---|---|
| 008 | 170725s9999 xx 000 0 und d | ||
| 100 | _aElmahdi Omar | ||
| 245 | _aSubtle higher order mutants | ||
| 245 | _cElmahdi Omar, Sudipto Ghosh, Darrell Whitley | ||
| 260 | _c2017 | ||
| 300 | _apages 42812, January | ||
| 440 |
_aInformation and software technology _v81: |
||
| 500 | _aCJ0030 | ||
| 650 | _aMutation Testing | ||
| 999 |
_c340878 _d340878 |
||